| 000 | 01253nam a2200325Ia 4500 | ||
|---|---|---|---|
| 001 | ebr10020632 | ||
| 003 | CaPaEBR | ||
| 006 | m u | ||
| 007 | cr cn||||||||| | ||
| 008 | 020715s2003 nyua sb 001 0 eng d | ||
| 010 | _z 2002011116 | ||
| 020 | _z0814407579 | ||
| 040 |
_aCaPaEBR _cCaPaEBR |
||
| 035 | _a(OCoLC)559748693 | ||
| 050 | 1 | 4 |
_aHD69.S8 _bP37 2003eb |
| 082 | 0 | 4 |
_a658 _221 |
| 245 | 0 | 0 |
_aPartnering _h[electronic resource] : _bthe new face of leadership / _cedited by Larraine Segil, Marshall Goldsmith, James Belasco. |
| 260 |
_aNew York ; _aLondon : _bAMACOM, _cc2003. |
||
| 300 |
_axvi, 336 p. : _bill. |
||
| 504 | _aIncludes bibliographical references (p. 323-330) and index. | ||
| 533 |
_aElectronic reproduction. _bPalo Alto, Calif. : _cebrary, _d2013. _nAvailable via World Wide Web. _nAccess may be limited to ebrary affiliated libraries. |
||
| 650 | 0 | _aStrategic alliances (Business) | |
| 650 | 0 | _aLeadership. | |
| 655 | 7 |
_aElectronic books. _2local |
|
| 700 | 1 | _aSegil, Larraine. | |
| 700 | 1 | _aGoldsmith, Marshall. | |
| 700 | 1 | _aBelasco, James A. | |
| 710 | 2 | _aebrary, Inc. | |
| 856 | 4 | 0 |
_uhttp://site.ebrary.com/lib/rucke/Doc?id=10020632 _zAn electronic book accessible through the World Wide Web; click to view |
| 999 |
_c24141 _d24141 |
||